| 000 | 00794nam a2200217Ia 4500 | ||
|---|---|---|---|
| 005 | 20250622124033.0 | ||
| 008 | 250617s9999||||xx |||||||||||||| ||ara|| | ||
| 017 |
_a2025/4541 _bمصر. دار الكتب |
||
| 020 | _a9789773445867 | ||
| 082 | 0 | 4 |
_a"953,0729" _bع م |
| 100 | 0 | _aعلى ضحا | |
| 245 | 1 | 0 |
_aالموريسكيون وهجرتهم إلى المغرب / _cتأليف على ضحا |
| 250 | _aط1 | ||
| 260 | 3 |
_aالقاهرة : _b"دار الآفاق العربية،" _c2025. |
|
| 300 |
_a197ص : _bإيض ؛ _c25سم. |
||
| 650 | _aالتاريخ الإسلامى | ||
| 651 |
_aالمغرب _x تاريخ _x الموريسكيون |
||
| 651 |
_aالمغرب _x تاريخ _y العصر الإسلامى (647-1912م) |
||
| 942 | _cBK | ||
| 999 |
_c67603 _d67603 |
||